French: Verbs - Statistics

General Stats
  • This quiz has been taken 41 times
    30 since last reset
  • The average score is 64 of 100
Answer Stats
Hint Answer % Correct
be etre
100%
go aller
96%
have avoir
96%
hear | listen ecouter
96%
do/make faire
96%
finish finir
96%
eat manger
96%
speak parler
96%
buy acheter
92%
help aider
92%
learn apprendre
92%
drink boire
92%
say/tell dire
92%
sleep dormir
92%
think penser
92%
work travailler
92%
see voir
92%
like aimer
88%
wait attendre
88%
choose choisir
88%
study etudier
88%
play jouer
88%
can/ able to pouvoir
88%
take prendre
88%
stay/remain rester
88%
want vouloir
88%
accept accepter
85%
begin/start commencer
85%
understand comprendre
85%
know (someone) connaitre
85%
continue continuer
85%
give donner
85%
know (a fact) savoir
85%
fall tomber
85%
find trouver
85%
come venir
85%
run courir
81%
ask/request demander
81%
write ecrire
81%
close fermer
81%
read lire
81%
put mettre
81%
born naitre
81%
offer offrir
81%
open ouvrir
81%
live vivre
81%
change changer
77%
enter entrer
77%
forget oublier
77%
pass passer
77%
call appeler
73%
believe croire
73%
look regarder
73%
explain expliquer
69%
wear/carry porter
69%
come back revenir
69%
have/must devoir
65%
send envoyer
65%
follow suivre
65%
lose perdre
62%
answer repondre
62%
wake up se reveiller
62%
go out/exit sortir
62%
recognise reconnaitre
58%
return retourner
58%
serve servir
58%
become devenir
54%
watch montre
54%
wash oneself se laver
54%
hold tenir
50%
share partager
46%
get up se lever
46%
show montrer
38%
have fun s'amuser
35%
sit down s'asseoir
35%
go to bed se coucher
35%
get married se marier
35%
take a walk se promener
35%
die morir
31%
get dressed s'habiller
31%
named/ be called s'appeler
27%
remember se souvenir
27%
brush se brosser
23%
hurry se depecher
23%
rest se reposer
23%
improve s'ameliorer
19%
bathe se baigner
19%
get angry se facher
19%
get ready se preparer
19%
worry s'inquieter
19%
fight se battre
15%
argue se disputer
15%
recall/remember se rappeler
15%
give back rendre
12%
relax se detendre
12%
realise se rendre compte
12%
go away s'en aller
8%
register/enroll s'inscrire
8%
take care of s'occuper
4%
No matching quizzes found
Score Distribution
Percent of People with Each Score
Percentile by Number Answered
Your Score History
You have not taken this quiz since the last reset